Liverpool quiz - Statistics

General Stats
  • This quiz has been taken 116 times
  • The average score is 4 of 10
Answer Stats
Question Answer % Correct
How many years did David Silva play for Liverpool? 0 years
89%
What is in other name for Liverpool? Anfield
89%
Which current Liverpool player has recorded the fastest hat-trick? Sadio mané
56%
How long did Virgil Van Djik play for Liverpool? 3
44%
How much money does Virgil Van Djik make a year? 10 Million
33%
How much money does Mohamed Salah make a year? 15 Million
22%
How long did Ian Callaghan play for Liverpool? 19
22%
How long did Sadio Mané play for Liverpool? 5
11%
How long did Mohamed Salah play for Liverpool? 4
0%
Who is the current best Liverpool player? Virgil Van Djik
0%
No matching quizzes found
Score Distribution
Percent of People with Each Score
Percentile by Number Answered
Your Score History
You have not taken this quiz